[Event "IECC CL0-2015.00 email"]
[Site "IECC email"]
[Date "2015.06.12"]
[Round "?"]
[White "Shim Ng Min, Francis"]
[Black "Gatto, Carolina"]
[Result "1-0"]
[WhiteElo "1267"]
[BlackElo "1245"]
[PlyCount "29"]
[EventDate "2015.05.09"]
[EventType "tourn (corr)"]
[EventRounds "4"]
[SourceTitle "Corr 2022"]
[Source "ChessBase"]
[SourceDate "2021.10.24"]
[SourceVersion "1"]
[SourceVersionDate "2021.10.24"]
[SourceQuality "1"]

1. e4 c5 2. Nf3 d6 3. d4 cxd4 4. Nxd4 Nf6 5. Nc3 a6 6. Bg5 e6 7. f4 h6 8. Bh4 Qb6 9. Nb3 Qe3+ 10. Qe2 Qxf4 11. Bg3 Qg5 12. Nd2 b5 13. a3 Bb7 14. 0-0-0 Nbd7 15. Kb1 1-0

[Event "BI-2012-P-00015"]
[Site "LSS email"]
[Date "2012.04.20"]
[Round "?"]
[White "Gatto, Carolina"]
[Black "Ausan, Leo Tito Jr"]
[Result "1-0"]
[WhiteElo "1122"]
[BlackElo "1058"]
[PlyCount "65"]
[EventDate "2012.04.22"]
[EventType "tourn (corr)"]
[EventRounds "10"]
[EventCountry "GER"]
[SourceTitle "Telechess CBM 159"]
[Source "ChessBase"]
[SourceDate "2014.03.17"]
[SourceVersion "1"]
[SourceVersionDate "2014.03.17"]
[SourceQuality "1"]

1. d4 Nf6 2. c4 e6 3. Nc3 Bb4 4. f3 Bxc3+ 5. bxc3 d5 6. cxd5 exd5 7. Ba3 b6 8. Kf2 Nbd7 9. Qd2 c5 10. Qe3+ Qe7 11. Qxe7+ Kxe7 12. e3 Bb7 13. Bb5 a6 14. Ba4 Rhc8 15. Ne2 Bc6 16. Bb3 Kd8 17. g4 Kc7 18. g5 Ng8 19. Nf4 c4 20. Bc2 g6 21. h4 Re8 22. h5 Ne7 23. hxg6 hxg6 24. Rh7 Nf5 25. Bxf5 gxf5 26. Rah1 b5 27. R1h6 Kb6 28. Nxd5+ Kb7 29. Nb4 Rac8 30. Rxf7 a5 31. Nxc6 Rxc6 32. Rxd7+ Kc8 33. Re7 1-0

[Event "BI-2012-P-00015"]
[Site "LSS email"]
[Date "2012.04.20"]
[Round "?"]
[White "Semenov, Stanislav"]
[Black "Gatto, Carolina"]
[Result "1-0"]
[WhiteElo "1828"]
[BlackElo "1122"]
[PlyCount "57"]
[EventDate "2012.04.22"]
[EventType "tourn (corr)"]
[EventRounds "10"]
[EventCountry "GER"]
[SourceTitle "Telechess CBM 159"]
[Source "ChessBase"]
[SourceDate "2014.03.17"]
[SourceVersion "1"]
[SourceVersionDate "2014.03.17"]
[SourceQuality "1"]

1. e4 d5 2. exd5 Nf6 3. d4 Nxd5 4. c4 Nb6 5. Nf3 Bg4 6. c5 N6d7 7. Nc3 e6 8. h3 Bxf3 9. Qxf3 Nc6 10. Be3 Qf6 11. Qg3 Nxd4 12. 0-0-0 Bxc5 13. Qxc7 Bb6 14. Qxb7 Rb8 15. Qe4 Nc5 16. Bb5+ Nxb5 17. Qc6+ Kf8 18. Nxb5 Qe5 19. Nd6 Nd3+ 20. Rxd3 Bxe3+ 21. fxe3 Qxb2+ 22. Kd1 Qb1+ 23. Ke2 Qxh1 24. Rb3 Rd8 25. Rb7 h5 26. Qf3 f6 27. Qg3 g5 28. Rf7+ Kg8 29. Rxf6 1-0

[Event "SF-2012-0-00141"]
[Site "LSS email"]
[Date "2012.03.22"]
[Round "?"]
[White "Shim Ng Min, Francis"]
[Black "Gatto, Carolina"]
[Result "1/2-1/2"]
[WhiteElo "1172"]
[BlackElo "1108"]
[PlyCount "81"]
[EventDate "2012.02.25"]
[EventType "tourn (corr)"]
[EventRounds "6"]
[EventCountry "GER"]
[SourceTitle "Telechess CBM 153"]
[Source "ChessBase"]
[SourceDate "2013.03.14"]
[SourceVersion "1"]
[SourceVersionDate "2013.03.14"]
[SourceQuality "1"]

1. e4 Nf6 2. e5 Nd5 3. d4 d6 4. Nf3 Nc6 5. c4 Nb6 6. exd6 exd6 7. d5 Nb8 8. h3 Be7 9. Bd3 N8d7 10. Be3 Bf6 11. Qc2 Nc5 12. Bxc5 dxc5 13. 0-0 g6 14. Re1+ Kf8 15. Nc3 Kg7 16. Ne4 Nd7 17. Nxf6 Nxf6 18. Qc3 Rf8 19. Ng5 Kg8 20. Re3 Nxd5 21. cxd5 Qxg5 22. Qxc5 c6 23. Rae1 Qxd5 24. Qa3 Be6 25. b3 Qd4 26. Be4 Rfd8 27. Bf3 a5 28. Qe7 Rd7 29. Qg5 Qd6 30. Bg4 Bxg4 31. hxg4 Kg7 32. Re7 Rxe7 33. Qxe7 Qxe7 34. Rxe7 b5 35. Rc7 Rd8 36. Rxc6 Rd1+ 37. Kh2 Rd2 38. a4 bxa4 39. bxa4 Rd4 40. f3 h6 41. Ra6 1/2-1/2

[Event "SF-2012-0-00141"]
[Site "LSS email"]
[Date "2012.03.19"]
[Round "?"]
[White "Raines, David T"]
[Black "Gatto, Carolina"]
[Result "0-1"]
[WhiteElo "1115"]
[BlackElo "1108"]
[PlyCount "66"]
[EventDate "2012.02.25"]
[EventType "tourn (corr)"]
[EventRounds "6"]
[EventCountry "GER"]
[SourceTitle "Telechess CBM 153"]
[Source "ChessBase"]
[SourceDate "2013.03.14"]
[SourceVersion "1"]
[SourceVersionDate "2013.03.14"]
[SourceQuality "1"]

1. d4 Nf6 2. Nf3 d5 3. g3 g6 4. Bg2 Bg7 5. 0-0 0-0 6. c4 c6 7. cxd5 cxd5 8. Nc3 Nc6 9. Bf4 Nh5 10. Be3 Nf6 11. Ne5 Be6 12. Nxc6 bxc6 13. Rc1 Rc8 14. b3 Qd6 15. Na4 Nd7 16. Bf4 Qb4 17. Be3 Qd6 18. Qc2 Bf5 19. Qd2 Rfe8 20. Bf4 Qa3 21. Nc5 e5 22. Be3 exd4 23. Bxd4 Bxd4 24. Qxd4 Nxc5 25. Qxc5 Qxc5 26. Rxc5 Rxe2 27. Ra1 Kg7 28. Bf1 Rb2 29. Ra5 c5 30. Rd1 c4 31. bxc4 dxc4 32. Rxa7 c3 33. Rc1 Rb1 0-1

[Event "LSS No Engine Cup 25 Preliminary 3"]
[Site "LSS email"]
[Date "2010.07.22"]
[Round "?"]
[White "Gatto, Carolina"]
[Black "Jaszczowski, Zdzislaw"]
[Result "0-1"]
[WhiteElo "922"]
[BlackElo "810"]
[PlyCount "47"]
[EventDate "2010.07.23"]
[EventType "tourn (corr)"]
[EventRounds "6"]
[EventCountry "GER"]
[SourceTitle "Telechess CBM 143"]
[Source "ChessBase"]
[SourceDate "2011.07.15"]
[SourceVersion "1"]
[SourceVersionDate "2011.07.15"]
[SourceQuality "1"]

1. e4 c5 2. f4 e6 3. Nf3 Nc6 4. Nc3 d6 5. d4 cxd4 6. Nxd4 Bd7 7. Be3 Nxd4 8. Bxd4 a6 9. Be2 Nf6 10. a4 Be7 11. 0-0 Bc6 12. Bf3 0-0 13. a5 d5 14. Bb6 Nxe4 15. Bxd8 Bc5+ 16. Kh1 Nf2+ 17. Rxf2 Bxf2 18. Bb6 Rac8 19. Bxf2 g6 20. h4 Rfd8 21. Qd4 Rc7 22. Qf6 Re8 23. Bd4 Kf8 24. Bc5+ 0-1

[Event "LSS No Engine Cup 25 Preliminary 3"]
[Site "LSS email"]
[Date "2010.07.22"]
[Round "?"]
[White "Gatto, Carolina"]
[Black "Nucci, Luciano"]
[Result "0-1"]
[WhiteElo "922"]
[BlackElo "2009"]
[PlyCount "50"]
[EventDate "2010.07.23"]
[EventType "tourn (corr)"]
[EventRounds "6"]
[EventCountry "GER"]
[SourceTitle "Telechess CBM 143"]
[Source "ChessBase"]
[SourceDate "2011.07.15"]
[SourceVersion "1"]
[SourceVersionDate "2011.07.15"]
[SourceQuality "1"]

1. e4 e6 2. d4 d5 3. e5 c5 4. c3 Bd7 5. Nf3 Nc6 6. Be2 Nge7 7. Na3 Ng6 8. 0-0 cxd4 9. cxd4 Be7 10. Nb5 0-0 11. Be3 Na5 12. b3 a6 13. Nc3 Rc8 14. Rc1 f5 15. exf6 Rxf6 16. Qd2 Nc6 17. Bg5 Rf5 18. Bxe7 Qxe7 19. Na4 Nf4 20. Bd1 Rcf8 21. Nc5 Be8 22. g3 Bh5 23. gxf4 Rxf4 24. Ne5 Bxd1 25. Rfxd1 Qh4 0-1

[Event "LSS No Engine Cup 25 Preliminary 3"]
[Site "LSS email"]
[Date "2010.07.22"]
[Round "?"]
[White "Gonzalez, Miguel"]
[Black "Gatto, Carolina"]
[Result "1-0"]
[WhiteElo "1724"]
[BlackElo "922"]
[PlyCount "47"]
[EventDate "2010.07.23"]
[EventType "tourn (corr)"]
[EventRounds "6"]
[EventCountry "GER"]
[SourceTitle "Telechess CBM 143"]
[Source "ChessBase"]
[SourceDate "2011.07.15"]
[SourceVersion "1"]
[SourceVersionDate "2011.07.15"]
[SourceQuality "1"]

1. c4 e5 2. Nc3 Nf6 3. Nf3 d6 4. d4 Nbd7 5. e4 Be7 6. Be2 0-0 7. 0-0 c6 8. Be3 Qc7 9. d5 Nc5 10. Nd2 a5 11. a3 Bd7 12. b4 axb4 13. axb4 Na6 14. Qb1 c5 15. bxc5 Nxc5 16. Qb2 g6 17. h3 Kg7 18. Rfb1 Rfc8 19. Rxa8 Rxa8 20. Bxc5 Qxc5 21. Qxb7 Qa3 22. Qb3 Bd8 23. Bd3 Nh5 24. Ne2 1-0

[Event "LSS RN-2010-0-00288"]
[Site "LSS email"]
[Date "2010.05.17"]
[Round "?"]
[White "Gatto, Carolina"]
[Black "Vontina, Maria"]
[Result "1-0"]
[WhiteElo "922"]
[BlackElo "637"]
[PlyCount "67"]
[EventDate "2010.05.06"]
[EventType "tourn (corr)"]
[EventRounds "6"]
[EventCountry "GER"]
[SourceTitle "Telechess CBM 147"]
[Source "ChessBase"]
[SourceDate "2012.03.16"]
[SourceVersion "1"]
[SourceVersionDate "2012.03.16"]
[SourceQuality "1"]

1. d4 Nf6 2. c4 g6 3. Nc3 Bg7 4. e4 d6 5. f3 0-0 6. Be3 Nc6 7. Nge2 e5 8. d5 Nb8 9. b4 a6 10. a3 Ne8 11. h4 Nf6 12. Ng3 h5 13. Bd3 Bd7 14. c5 Kh7 15. Qd2 Ng8 16. Bg5 Qe8 17. cxd6 cxd6 18. Rc1 b5 19. 0-0 Bc8 20. Qc2 Nd7 21. Nce2 Ndf6 22. Qc6 Qxc6 23. Rxc6 Rd8 24. Rfc1 Bb7 25. Rc7 Bc8 26. R1c6 Kh8 27. Rxf7 Rf8 28. Rfc7 Bh6 29. Kf2 Bxg5 30. hxg5 Nh7 31. Rxd6 Nxg5 32. Rxg6 Nf7 33. Nxh5 Nfh6 34. Rgg7 1-0

[Event "LSS No Engine Cup 03 Preliminary 6"]
[Site "LSS email"]
[Date "2009.07.16"]
[Round "?"]
[White "Gatto, Carolina"]
[Black "Basson, Heinrich"]
[Result "0-1"]
[WhiteElo "922"]
[BlackElo "1287"]
[PlyCount "28"]
[EventDate "2009.07.17"]
[EventType "tourn (corr)"]
[EventRounds "6"]
[EventCountry "GER"]
[SourceTitle "Corr 2013"]
[Source "ChessBase"]
[SourceDate "2012.11.12"]
[SourceVersion "1"]
[SourceVersionDate "2012.11.12"]
[SourceQuality "1"]

1. e4 Nc6 2. d4 d5 3. Nc3 dxe4 4. d5 Nb8 5. Nxe4 e6 6. Bc4 Ne7 7. Bb5+ c6 8. dxc6 Qxd1+ 9. Kxd1 Nexc6 10. Nf3 f5 11. Nc3 a6 12. Bc4 b5 13. Bb3 Na5 14. Re1 Nbc6 0-1

[Event "LSS No Engine Cup 03 Preliminary 6"]
[Site "LSS email"]
[Date "2009.07.16"]
[Round "?"]
[White "Gatto, Carolina"]
[Black "Bearce, Harold L"]
[Result "0-1"]
[WhiteElo "922"]
[BlackElo "474"]
[PlyCount "28"]
[EventDate "2009.07.17"]
[EventType "tourn (corr)"]
[EventRounds "6"]
[EventCountry "GER"]
[SourceTitle "Corr 2015"]
[Source "ChessBase"]
[SourceDate "2015.07.17"]
[SourceVersion "1"]
[SourceVersionDate "2015.07.17"]
[SourceQuality "1"]

1. e4 c6 2. d4 d5 3. e5 Bf5 4. c3 e6 5. Be3 Nd7 6. f4 Qc7 7. h3 0-0-0 8. Nf3 Be7 9. Nbd2 Nh6 10. g4 Kb8 11. gxf5 Nxf5 12. Bf2 g6 13. Qb3 Qb6 14. 0-0-0 Qxb3 0-1

[Event "LSS SN-2009-0-00162"]
[Site "LSS email"]
[Date "2009.06.18"]
[Round "?"]
[White "Bester, Kazimierz"]
[Black "Gatto, Carolina"]
[Result "1-0"]
[WhiteElo "726"]
[BlackElo "828"]
[PlyCount "37"]
[EventDate "2009.06.07"]
[EventType "tourn (corr)"]
[EventRounds "6"]
[EventCountry "GER"]
[SourceTitle "Corr 2011"]
[Source "ChessBase"]
[SourceDate "2010.08.31"]
[SourceVersion "1"]
[SourceVersionDate "2010.08.31"]
[SourceQuality "1"]

1. c4 e5 2. Nc3 Nf6 3. e4 Nc6 4. a3 a5 5. d3 Be7 6. Nge2 d6 7. g3 h5 8. Bg2 h4 9. Bg5 h3 10. Bf3 Nxe4 11. Bxe7 Nxc3 12. Nxc3 Qxe7 13. Nd5 Qd8 14. 0-0 Be6 15. Qa4 Qc8 16. Rae1 f5 17. Bh5+ Rxh5 18. f4 Kf7 19. Qd1 1-0

[Event "LSS SN-2009-0-00162"]
[Site "LSS email"]
[Date "2009.06.18"]
[Round "?"]
[White "Gatto, Carolina"]
[Black "Stepanov, Valery Anatolievich"]
[Result "0-1"]
[WhiteElo "922"]
[BlackElo "1636"]
[PlyCount "23"]
[EventDate "2009.06.07"]
[EventType "tourn (corr)"]
[EventRounds "6"]
[EventCountry "GER"]
[SourceTitle "Corr 2013"]
[Source "ChessBase"]
[SourceDate "2012.11.12"]
[SourceVersion "1"]
[SourceVersionDate "2012.11.12"]
[SourceQuality "1"]
[WhiteTeam "US of America"]
[BlackTeam "US of America"]
[WhiteTeamCountry "USA"]
[BlackTeamCountry "USA"]

1. d4 d5 2. c4 c6 3. Nc3 e6 4. Nf3 dxc4 5. a4 Bb4 6. e3 b5 7. Bd2 a5 8. axb5 Bxc3 9. Bxc3 cxb5 10. b3 Bb7 11. bxc4 b4 12. Bb2 0-1

[Event "LSS SN-2009-0-00147"]
[Site "LSS email"]
[Date "2009.04.14"]
[Round "?"]
[White "Gatto, Carolina"]
[Black "Pehl, Ferenc"]
[Result "1-0"]
[WhiteElo "922"]
[BlackElo "841"]
[PlyCount "29"]
[EventDate "2009.03.26"]
[EventType "tourn (corr)"]
[EventRounds "6"]
[EventCountry "GER"]
[SourceTitle "Corr 2015"]
[Source "ChessBase"]
[SourceDate "2015.07.17"]
[SourceVersion "1"]
[SourceVersionDate "2015.07.17"]
[SourceQuality "1"]

1. e4 e5 2. Nf3 Nc6 3. Bb5 a6 4. Ba4 Nf6 5. 0-0 Be7 6. Re1 b5 7. Bb3 0-0 8. c3 d6 9. d4 exd4 10. cxd4 Bg4 11. Be3 Nxe4 12. Bd5 Qd7 13. Bxe4 Rab8 14. Qc2 h6 15. Qxc6 1-0

[Event "LSS SN-2009-0-00147"]
[Site "LSS email"]
[Date "2009.04.14"]
[Round "?"]
[White "Yangibayev, Rustam"]
[Black "Gatto, Carolina"]
[Result "1-0"]
[WhiteElo "776"]
[BlackElo "828"]
[PlyCount "59"]
[EventDate "2009.03.26"]
[EventType "tourn (corr)"]
[EventRounds "6"]
[EventCountry "GER"]
[SourceTitle "Corr 2011"]
[Source "ChessBase"]
[SourceDate "2010.08.31"]
[SourceVersion "1"]
[SourceVersionDate "2010.08.31"]
[SourceQuality "1"]

1. d4 Nf6 2. Nf3 d5 3. c4 c6 4. e3 Bf5 5. Nc3 e6 6. cxd5 cxd5 7. Be2 Bb4 8. 0-0 0-0 9. Bd2 Nc6 10. Rc1 Rc8 11. a3 Be7 12. Nh4 g6 13. h3 Ne4 14. Nf3 Nxd2 15. Nxd2 e5 16. dxe5 Nxe5 17. Nf3 Nxf3+ 18. Bxf3 Be6 19. Qd4 Bc5 20. Qd1 Qf6 21. b4 Bd6 22. Nb5 Bb8 23. Nd4 a6 24. Qd2 Bd7 25. Bxd5 Qd6 26. Nf3 Rxc1 27. Rxc1 Rd8 28. e4 Be6 29. Rc5 Ba7 30. Rc1 1-0